Пропуск в контексте

Стратегия управления персоналом учебное пособие

Содержит теоретические аспекты, материалы практических занятий, методические указания, список литературы, включает задания для самостоятельного развития практических навыков и умений. Предназначено для обучающихся по направлению подготовки «Управление персоналом» (уровень бакалавриата). Может быть и...

Полное описание

Сохранить в:
Библиографические подробности
Главный автор: Полякова И. А.
Формат: Книга
Язык:Russian
Опубликовано: Ростов-на-Дону РГУПС 2021
Online-ссылка:https://e.lanbook.com/book/220124
https://e.lanbook.com/img/cover/book/220124.jpg
Метки: Добавить метку
Нет меток, Требуется 1-ая метка записи!
LEADER 01993nam0a2200265 i 4500
001 220124
003 RuSpLAN
005 20221220174150.0
008 221220s2021 ru gs 000 0 rus
020 |a 978-5-88814-960-7 
040 |a RuSpLAN 
041 0 |a rus 
044 |a ru 
084 |a 65.29я7 + 06  |2 rubbk 
245 0 0 |a Стратегия управления персоналом  |b учебное пособие  |c Полякова И. А. 
260 |a Ростов-на-Дону  |b РГУПС  |c 2021 
300 |a 100 с. 
500 |a Утверждено учебно-методическим советом университета 
504 |a Библиогр.: доступна в карточке книги, на сайте ЭБС Лань 
520 8 |a Содержит теоретические аспекты, материалы практических занятий, методические указания, список литературы, включает задания для самостоятельного развития практических навыков и умений. Предназначено для обучающихся по направлению подготовки «Управление персоналом» (уровень бакалавриата). Может быть использовано обучающимися по другим направлениям подготовки и специальностям, изучающим проблемы менеджмента персонала. Одобрено к изданию кафедрой «Теория организации и управление персоналом». 
521 8 |a Книга из коллекции РГУПС - Экономика и менеджмент 
100 1 |a Полякова И. А. 
856 4 |u https://e.lanbook.com/book/220124 
856 4 8 |u https://e.lanbook.com/img/cover/book/220124.jpg 
953 |a https://e.lanbook.com/img/cover/book/220124.jpg